| 000 | 00484nam a22001457a 4500 | ||
|---|---|---|---|
| 003 | MACL | ||
| 005 | 20200211161346.0 | ||
| 008 | 200211b xxu||||| |||| 00| 0 eng d | ||
| 040 | _cMACL | ||
| 100 |
_aडॉ. राम प्रसाद मिश्र _978110 |
||
| 245 | _aराम ऐतिहासिक जीवन चरित्र | ||
| 260 |
_aहरियाणा _bगुप्ता प्रकाशन _c2019 |
||
| 650 |
_aनोवल _978111 |
||
| 942 |
_2ddc _cHIN |
||
| 999 |
_c62004 _d62004 |
||